000 01086nam a22003371 4500
001 760246
003 OSt
005 20140310181626.0
008 850828s1968 iluac j b 001 0beng
010 _a 68031305
040 _aDLC
_cDLC
_dDLC
042 _alcac
050 0 0 _aNA 737
_b.R514 1968
082 0 0 _aREF 920
_bW93 1968
100 1 _aRichards, Kenneth G.,
_d1926-
245 1 0 _aPeople of destiny :
_c[by] Kenneth G. Richards.
_bFrank Lloyd Wright /
260 _aChicago :
_bChildrens Press,
_cc1968
300 _a95 p.
_billus., ports.
_c29 cm.
490 1 _aPeople of destiny: a humanities series
500 _aIncludes Bibliography & index
504 _aBibliography: p. 92.
520 _a1. Frank lloyd Wright
521 _aBasic Ed. Students
541 _j1
562 _eFor circulation. 1 copy in the collection.
600 1 0 _aWright, Frank Lloyd,
_d1867-1959
_xJuvenile literature.
600 1 1 _aWright, Frank Lloyd,
_d1867-1959.
830 0 _aPeople of destiny.
906 _a7
_bcbc
_corignew
_du
_eocip
_f19
_gy-gencatlg
942 _2lcc
_cBK-GR
_kREF
999 _c301
_d301